| 000 | 00967nam a22003017a 4500 | ||
|---|---|---|---|
| 001 | 0136 | ||
| 003 | DO-SdBNP | ||
| 005 | 20151119104323.0 | ||
| 007 | 0136 | ||
| 008 | 151005b1970 sp 00| 0 spa d | ||
| 020 | _a8420612774 | ||
| 040 |
_aBPMSU _bspa _cBPMSU |
||
| 092 |
_aXXXX _bXXXX |
||
| 100 | 1 | _aAllan Poe, Edgar | |
| 245 | 1 | 0 |
_aCuentos I / _cTessa Board ; prólogo y traducción Julio Cortázar |
| 260 |
_aMadrid : _bAlianza editorial, _c1970. _greimpr. 1990. |
||
| 300 |
_a536 p. : _c18 cm. |
||
| 490 | 1 |
_aAlianza editorial _v277 |
|
| 500 | _aLibro de bolsillo | ||
| 500 | _aLa biblioteca posee la decimoséptima reimpresión del 1990 | ||
| 505 | 1 |
_tIntroducción -- _tJóvenes depredadores -- _tAves -- _tHechos para correr -- _tLa lucha por la vida -- _tEl vínculo materno -- |
|
| 521 | 1 | _aA partir de los 12 años | |
| 700 | 1 |
_aCortázar, Julio _eprol. |
|
| 830 | 0 |
_aAlianza editorial _n277 |
|
| 910 | _a202 | ||
| 942 |
_2ddc _cBK |
||
| 956 | _aYngrid Lockward | ||
| 999 |
_c8809 _d8809 |
||